Risk in design and build (Record no. 72847)

MARC details
000 -LEADER
fixed length control field 01870cam a2200253 4500
001 - CONTROL NUMBER
control field ABS66763
008 - FIXED-LENGTH DATA ELEMENTS--GENERAL INFORMATION
fixed length control field 030612n2003 000 0 eng u
035 ## - SYSTEM CONTROL NUMBER
System control number (Sirsi) u122586
100 ## - MAIN ENTRY--PERSONAL NAME
Personal name Brewer, G.
245 ## - TITLE STATEMENT
Title Risk in design and build
260 ## - PUBLICATION, DISTRIBUTION, ETC.
Date of publication, distribution, etc. 2003
490 ## - SERIES STATEMENT
Series statement Contract Journal
Volume/sequential designation 418(6424) 30 April 2003, 25(1)
520 ## - SUMMARY, ETC.
Summary, etc. Looks at whether the allocation of risk in design and build contracts is adopting guaranteed maximum price provisions. In "Mowlem plc v Newton Street Ltd" ([2003] EWHC 737 (TCC), [2003] CILL 2002), the parties entered into a contract for the conversion of a former office into flats using JCT WCD 1998, with an extensive amendment to Art 10. Delay and additional costs arose when concrete works failed, which Newton (N) claimed lay within the contractual scheme for risk allocation and that the losses lay entirely with Mowlem (M). The dispute went to arbitration and a subsequent appeal. M's appeal failed as the judge found the provisions of Art 10 very clearly allocated the burden of unforeseen or unknown risks on M. Concludes courts will usually not interfere with risk allocation clauses, unambiguously written into construction contracts, by which the risk of unforeseen events lie with the contractor.
590 ## - LOCAL NOTE (RLIN)
Local note ABS
650 ## - SUBJECT ADDED ENTRY--TOPICAL TERM
Topical term or geographic name entry element RISK ALLOCATION
650 ## - SUBJECT ADDED ENTRY--TOPICAL TERM
Topical term or geographic name entry element MANAGEMENT-DISPUTE AVOIDANCE, MANAGEMENT AND RESOLUTION-DISPUTE MANAGEMENT AND RESOLUTION-ALTERNATIVE DISPUTE RESOLUTION-ADJUDICATION
650 ## - SUBJECT ADDED ENTRY--TOPICAL TERM
Topical term or geographic name entry element BUILT ENVIRONMENT-BUILDING CONTRACT FORMS
650 ## - SUBJECT ADDED ENTRY--TOPICAL TERM
Topical term or geographic name entry element MANAGEMENT-DISPUTE AVOIDANCE, MANAGEMENT AND RESOLUTION-DISPUTE MANAGEMENT AND RESOLUTION-ARBITRATION
650 ## - SUBJECT ADDED ENTRY--TOPICAL TERM
Topical term or geographic name entry element MOWLEM PLC V NEWTON STREET LTD
650 ## - SUBJECT ADDED ENTRY--TOPICAL TERM
Topical term or geographic name entry element DESIGN AND BUILD
650 ## - SUBJECT ADDED ENTRY--TOPICAL TERM
Topical term or geographic name entry element JCT STANDARD FORM OF BUILDING CONTRACT WITH CONTRACTORS DESIGN (1998 EDITION)
690 ## - LOCAL SUBJECT ADDED ENTRY--TOPICAL TERM (OCLC, RLIN)
Topical term or geographic name as entry element BUILT ENVIRONMENT-BUILDING CONTRACT FORMS
942 ## - ADDED ENTRY ELEMENTS (KOHA)
Suppress in OPAC 0
Holdings
Withdrawn status Lost status Source of classification or shelving scheme Damaged status Not for loan Home library Current library Shelving location Date acquired Total Checkouts Full call number Barcode Date last seen Copy number Price effective from Koha item type
    Dewey Decimal Classification     London London Journal article 12/06/2003   ABS66763 122586-1001 06/08/2019 1 06/08/2019 Journal article